000 00224nam a2200073Ia 4500
008 170817s9999 xx 000 0 und d
100 _aGupta.B.N
245 0 _aPhysical Education Organisation Development And Teaching Teachniques
260 _bAlfa Publications
999 _c38861
_d38861